00811nam a2200181 a 450000100100000000500170001000800410002704000250006810000260009324501290011926001020024830000210035050000210037150400730039270000410046595201060050699900170061200004400620201002045104.0140513s1967 ve 001 0 spa d aDO-SdBNPbspacBNPHU1 aBonilla, Frank97197210aCambios políticos en Venezuela :bexploraciones en análisis y en síntesis /cFrank Bonilla, José A. Silva Michelena. aCaracas, Venezuela :bCentro de Estudios del DesarrollobUniversidad Central de Venezuela,c1967. a540 p. ;c24 cm. aIncluye índice aIncluye referencias bibliográficas y notas al pie de las páginas12aSilva Michelena, Jose Agustin970483 0010507-18MOaGRbGRcOId2014-05-13iLF1l0o p44006-10r2020-06-25w2020-06-25y1ZNo se presta c43495d43495